| 000 | 00720nam a2200217 a 4500 | ||
|---|---|---|---|
| 999 |
_c7226 _d7226 |
||
| 003 | PK-NaQUE | ||
| 005 | 20251218113426.0 | ||
| 008 | 251218b ||||| |||| 00| 0 eng d | ||
| 020 | _a0766828204 | ||
| 020 | _a978-1566901277 | ||
| 040 | _cQUEST | ||
| 082 |
_a910/.285 _bKOR |
||
| 100 | 1 | _aKorte, George B. | |
| 245 | 1 | 4 | _aThe GIS Book: how to implement, manage, and assess the value of geographic information systems |
| 250 | _a5th ed. | ||
| 260 |
_a[S.l.] : _bOnword Press, _c2001. |
||
| 300 | _a378p 1 v. 856 40 | ||
| 650 | _aGeographic information systems. | ||
| 856 |
_uhttp://10.10.170.122:8080/browse/book/29188 _yDownload eBook |
||
| 942 |
_cBK _2ddc |
||